<?xml version="1.0" encoding="UTF-8"?>
<record
    xmlns:xsi="http://www.w3.org/2001/XMLSchema-instance"
    xsi:schemaLocation="http://www.loc.gov/MARC21/slim http://www.loc.gov/standards/marcxml/schema/MARC21slim.xsd"
    xmlns="http://www.loc.gov/MARC21/slim">

  <leader>01940nam a2200301 a 4500</leader>
  <controlfield tag="003">CO-ViMGA</controlfield>
  <controlfield tag="005">20230915234538.0</controlfield>
  <controlfield tag="008">071026s2004    sp a   jr     0001j spa d</controlfield>
  <datafield tag="020" ind1=" " ind2=" ">
    <subfield code="a">8466740112</subfield>
  </datafield>
  <datafield tag="040" ind1=" " ind2=" ">
    <subfield code="a">CO-ViMGA</subfield>
    <subfield code="b">spa</subfield>
    <subfield code="c">CO-ViMGA</subfield>
  </datafield>
  <datafield tag="043" ind1=" " ind2=" ">
    <subfield code="a">e-dk---</subfield>
  </datafield>
  <datafield tag="082" ind1="0" ind2="4">
    <subfield code="a">839.81364 </subfield>
    <subfield code="b">A53c21 </subfield>
  </datafield>
  <datafield tag="100" ind1="1" ind2=" ">
    <subfield code="a">Andersen, Hans Christian, </subfield>
    <subfield code="d">1805-1875.</subfield>
    <subfield code="9">3039</subfield>
  </datafield>
  <datafield tag="245" ind1="1" ind2="0">
    <subfield code="a">Chiquilladas  y otros cuentos / </subfield>
    <subfield code="c">Hans Christian Andersen ;  pr&#xF3;logo Fernando Savater ; traducci&#xF3;n Enrique Bern&#xE1;rdez ; ilustraciones Carmen Segovia.</subfield>
  </datafield>
  <datafield tag="260" ind1="3" ind2=" ">
    <subfield code="a">Madrid : </subfield>
    <subfield code="b">Anaya, </subfield>
    <subfield code="c">2004.</subfield>
  </datafield>
  <datafield tag="300" ind1=" " ind2=" ">
    <subfield code="a">310 p. : </subfield>
    <subfield code="b">il. ; </subfield>
    <subfield code="c">25 cm.</subfield>
  </datafield>
  <datafield tag="505" ind1="0" ind2=" ">
    <subfield code="a">El abecedario ; La hija del Rey del Fango ; Los corredores ; El pozo de la campana ; El pr&#xED;ncipe malo ; Lo que cont&#xF3; el viento sobre Valdemar Daae y sus hijas ; La muchacha que pis&#xF3; el pan ; Ole el torrero ; Arme Lisbeth ; Chiquilladas ; Un collar de perlas ; La pluma y el tintero ; La tumba del ni&#xF1;o ; El gallo de corral y el gallo de veleta ; {Preciosa! ; Una historia de las dunas ; El titiritero ; Dos hermanos ; La vieja campana de iglesia ; Los doce de la diligencia ; El escarabajo    ; Lo que hace pap&#xE1;, bien hecho est&#xE1; ; El mu&#xF1;eco de nieve ; El corral de patos ; La musa del nuevo siglo ; La Doncella de los Hielos ; La mariposa ; Psique ; El caracol y el rosal ; Los fuegos fatuos est&#xE1;n en la ciudad, dijo la mujer del pantano ; El molino de viento ; El chel&#xED;n de plata ; El obispo de Borglum y sus parientes.</subfield>
  </datafield>
  <datafield tag="650" ind1="1" ind2="4">
    <subfield code="a">Cuentos infantiles daneses.</subfield>
    <subfield code="9">3040</subfield>
  </datafield>
  <datafield tag="650" ind1="1" ind2="4">
    <subfield code="a">Princesas</subfield>
    <subfield code="v"> Cuentos infantiles.</subfield>
    <subfield code="9">8190</subfield>
  </datafield>
  <datafield tag="650" ind1=" " ind2="6">
    <subfield code="a">Belleza personal</subfield>
    <subfield code="v"> Cuentos infantiles.</subfield>
    <subfield code="9">88</subfield>
  </datafield>
  <datafield tag="650" ind1=" " ind2="6">
    <subfield code="a">Duendes</subfield>
    <subfield code="v"> Cuentos infantiles.</subfield>
    <subfield code="9">9547</subfield>
  </datafield>
  <datafield tag="650" ind1=" " ind2="6">
    <subfield code="a">Fealdad</subfield>
    <subfield code="v"> Cuentos infantiles.</subfield>
    <subfield code="9">9546</subfield>
  </datafield>
  <datafield tag="650" ind1=" " ind2="6">
    <subfield code="a">Pobreza</subfield>
    <subfield code="v"> Cuentos infantiles.</subfield>
    <subfield code="9">8185</subfield>
  </datafield>
  <datafield tag="700" ind1="1" ind2=" ">
    <subfield code="a">Bern&#xE1;rdez, Enrique, </subfield>
    <subfield code="e">tr.</subfield>
    <subfield code="9">9548</subfield>
  </datafield>
  <datafield tag="700" ind1="1" ind2=" ">
    <subfield code="a">Savater, Fernando, </subfield>
    <subfield code="d">1947-, </subfield>
    <subfield code="e">pr&#xF3;l.</subfield>
    <subfield code="9">3546</subfield>
  </datafield>
  <datafield tag="700" ind1="1" ind2=" ">
    <subfield code="a">Segovia, Carmen, </subfield>
    <subfield code="e">il.</subfield>
    <subfield code="9">9549</subfield>
  </datafield>
  <datafield tag="942" ind1=" " ind2=" ">
    <subfield code="2">ddc</subfield>
    <subfield code="c">BK</subfield>
  </datafield>
  <datafield tag="999" ind1=" " ind2=" ">
    <subfield code="c">37966</subfield>
    <subfield code="d">37966</subfield>
  </datafield>
  <datafield tag="952" ind1=" " ind2=" ">
    <subfield code="0">0</subfield>
    <subfield code="1">0</subfield>
    <subfield code="2">ddc</subfield>
    <subfield code="4">0</subfield>
    <subfield code="7">0</subfield>
    <subfield code="8">003</subfield>
    <subfield code="a">MEVIECAR</subfield>
    <subfield code="b">MEVIECAR</subfield>
    <subfield code="d">2017-05-23</subfield>
    <subfield code="l">0</subfield>
    <subfield code="o">839.81364 A53c21</subfield>
    <subfield code="p">032165</subfield>
    <subfield code="r">2017-05-23 00:00:00</subfield>
    <subfield code="w">2017-05-23</subfield>
    <subfield code="y">BK</subfield>
  </datafield>
</record>
